<?xml version="1.0" encoding="UTF-8"?><?xml-stylesheet type="text/xsl" href="static/style.xsl"?><OAI-PMH xmlns="http://www.openarchives.org/OAI/2.0/" xmlns:xsi="http://www.w3.org/2001/XMLSchema-instance" xsi:schemaLocation="http://www.openarchives.org/OAI/2.0/ http://www.openarchives.org/OAI/2.0/OAI-PMH.xsd"><responseDate>2026-06-01T01:11:08Z</responseDate><request verb="GetRecord" identifier="oai:riuma.uma.es:10630/39231" metadataPrefix="marc">https://riuma.uma.es/rest/oai/request</request><GetRecord><record><header><identifier>oai:riuma.uma.es:10630/39231</identifier><datestamp>2026-02-03T11:26:37Z</datestamp><setSpec>com_10630_2254</setSpec><setSpec>col_10630_37953</setSpec></header><metadata><record xmlns="http://www.loc.gov/MARC21/slim" xmlns:dcterms="http://purl.org/dc/terms/" xmlns:doc="http://www.lyncode.com/xoai" xmlns:xsi="http://www.w3.org/2001/XMLSchema-instance" xsi:schemaLocation="http://www.loc.gov/MARC21/slim http://www.loc.gov/standards/marcxml/schema/MARC21slim.xsd">
   <leader>00925njm 22002777a 4500</leader>
   <datafield ind2=" " ind1=" " tag="042">
      <subfield code="a">dc</subfield>
   </datafield>
   <datafield ind2=" " ind1=" " tag="720">
      <subfield code="a">Bentabol-Manzanares, María José</subfield>
      <subfield code="e">author</subfield>
   </datafield>
   <datafield ind2=" " ind1=" " tag="720">
      <subfield code="a">Lamarca-Irisarri, Daniel</subfield>
      <subfield code="e">author</subfield>
   </datafield>
   <datafield ind2=" " ind1=" " tag="720">
      <subfield code="a">Van Driessche, Alexander</subfield>
      <subfield code="e">author</subfield>
   </datafield>
   <datafield ind2=" " ind1=" " tag="720">
      <subfield code="a">Ryan, Peter C.</subfield>
      <subfield code="e">author</subfield>
   </datafield>
   <datafield ind2=" " ind1=" " tag="720">
      <subfield code="a">Huertas, F. Javier</subfield>
      <subfield code="e">author</subfield>
   </datafield>
   <datafield ind2=" " ind1=" " tag="260">
      <subfield code="c">2024-07-02</subfield>
   </datafield>
   <datafield ind2=" " ind1=" " tag="520">
      <subfield code="a">In diagenetic solutions, NH3 may be incorporated into smectites as an exchangeable cation and become&#xd;
fixed within the interlayer space of illites and other white micas. To study the potential impact of NH4+ on the smectite-to-illite transformation reaction, a series of hydrothermal experiments were carried out at 100, 150 and 200 ◦C, from 15 to 90 days, and two NH4+ concentrations (0.1 and 0.2 M). The XRD analysis revealed that, smectite incorporates NH4+ in the structure,&#xd;
leading to the formation of non-swelling layers, resulting in partial transformation to illite layers and producing packets of disordered illite/smectite (I/S). In addition, a minor XRD peak at ~10 Å suggests the formation of discrete illite crystals. The FTIR spectra demonstrated the uptake of NH4+, with deformation bands corresponding to exchangeable NH4+ in smectite and fixed NH4+ in high-charge layers. TEM analysis revealed that smectite particles exhibited wavy stacks comprising a few layers with abundant defects and lateral discontinuities. The interlayer spacing in these particles ranged from 12 to 15 Å and&#xd;
became thinner and more plate-like with increasing temperature and time. Moreover, they contained inclusions of 10–10.3 Å layers, either as discrete layers or in packets of several layers, indicating the formation of disordered mixed-layer I/S. Lateral transitions from 12 to 15 Å to 10 Å layers were frequently observed andinterpreted as reaction fronts due to local rearrangement. At 150 and 200 ◦C, isolated packets of 10 Å layers were identified as discrete illite crystals that precipitated directly from solution. AEM analysis revealed an increase in octahedral charge (MgVI for AlVI substitution) in smectite particles,&#xd;
followed by increase in tetrahedral charge in I/S particles. Interlayer NH4+ played a stabilizing role in the high-charge layers and favored the smectite-to-illite conversion process.</subfield>
   </datafield>
   <datafield ind1="8" ind2=" " tag="024">
      <subfield code="a">Bentabol, M.; Lamarca-Irisarri, D.; Van Driessche, A.E.S.; Ryan, P.C.; Huertas, F.J. Illitization of Montmorillonite in Ammonium Solutions under Hydrothermal Conditions. Appl. Clay Sci. 2024, 258, 107478.</subfield>
   </datafield>
   <datafield ind1="8" ind2=" " tag="024">
      <subfield code="a">https://hdl.handle.net/10630/39231</subfield>
   </datafield>
   <datafield ind1="8" ind2=" " tag="024">
      <subfield code="a">10.1016/j.clay.2024.107478</subfield>
   </datafield>
   <datafield tag="653" ind2=" " ind1=" ">
      <subfield code="a">Esmectita</subfield>
   </datafield>
   <datafield tag="653" ind2=" " ind1=" ">
      <subfield code="a">Illita</subfield>
   </datafield>
   <datafield tag="653" ind2=" " ind1=" ">
      <subfield code="a">Amonio</subfield>
   </datafield>
   <datafield tag="653" ind2=" " ind1=" ">
      <subfield code="a">Síntesis (Química)</subfield>
   </datafield>
   <datafield ind2="0" ind1="0" tag="245">
      <subfield code="a">Illitization of montmorillonite in ammonium solutions under hydrothermal conditions</subfield>
   </datafield>
</record>
</metadata></record></GetRecord></OAI-PMH>